Las cinco mejores obras de Luisa May Alcott / (Record no. 21878)

MARC details
000 -LEADER
campo de control de longitud fija 00833nam a2200265 i 4500
001 - NÚMERO DE CONTROL
campo de control 21878
003 - IDENTIFICADOR DE NÚMERO DE CONTROL
campo de control ES-MaACL
005 - FECHA Y HORA DE LA ÚLTIMA TRANSACCIÓN
campo de control 20230906152549.0
007 - CAMPO FIJO DE DESCRIPCIÓN FÍSICA--INFORMACIÓN GENERAL
campo de control de longitud fija t|
008 - DATOS DE LONGITUD FIJA--INFORMACIÓN GENERAL
campo de control de longitud fija 021128s1957 sp ||||1| spa d
100 1# - ENTRADA PRINCIPAL--NOMBRE DE PERSONA
Nombre de persona Alcott, Louise May.
9 (RLIN) 19583
245 14 - MENCIÓN DEL TÍTULO
Título Las cinco mejores obras de Luisa May Alcott /
Mención de responsabilidad, etc. Louise May Alcott.
260 ## - PUBLICACIÓN, DISTRIBUCIÓN, ETC.
Lugar de publicación, distribución, etc. Barcelona :
Nombre del editor, distribuidor, etc. Mateu,
Fecha de publicación, distribución, etc. [1957] (
Fabricante Saturno)
300 ## - DESCRIPCIÓN FÍSICA
Extensión 841 p. ;
Dimensiones 25 cm.
490 1# - MENCIÓN DE SERIE
Mención de serie Cinco mejores obras
505 8# - NOTA DE CONTENIDO CON FORMATO
Nota de contenido con formato Contiene: Mujercitas. Aquellas mujercitas. Hombrecitos. Los muchachos de Jo. Bajo las lilas
740 0# - ENTRADA AGREGADA--TÍTULO RELACIONADO/ANALÍTICO NO CONTROLADO
Título relacionado o analítico no controlado Mujercitas.
740 0# - ENTRADA AGREGADA--TÍTULO RELACIONADO/ANALÍTICO NO CONTROLADO
Título relacionado o analítico no controlado Aquellas mujercitas.
740 0# - ENTRADA AGREGADA--TÍTULO RELACIONADO/ANALÍTICO NO CONTROLADO
Título relacionado o analítico no controlado Hombrecitos.
740 4# - ENTRADA AGREGADA--TÍTULO RELACIONADO/ANALÍTICO NO CONTROLADO
Título relacionado o analítico no controlado Los muchachos de Jo.
740 0# - ENTRADA AGREGADA--TÍTULO RELACIONADO/ANALÍTICO NO CONTROLADO
Título relacionado o analítico no controlado Bajo las lilas.
830 0# - PUNTO DE ACCESO ADICIONAL DE SERIE-TÍTULO UNIFORME
Título uniforme Cinco mejores obras
9 (RLIN) 187121
852 ## - LOCALIZACIÓN
Ubicación ES-MaACL
Número de control de estantería C-13713
Sublocalización o colección R.41143
Holdings
Estatus retirado Estado de pérdida Estado de daño No para préstamo Biblioteca de origen Biblioteca actual Ubicación en estantería Fecha de adquisición Fuente de adquisición Total de préstamos Signatura topográfica completa Código de barras Visto por última vez Precio de reemplazo Tipo de ítem Koha
        Biblioteca del Ateneo de Madrid Biblioteca del Ateneo de Madrid Sala Palomar 17/01/2008     C-13713 1022485 23/02/2023 23/02/2023 Libro impreso